| 000 | 00447nam a2200169 4500 | ||
|---|---|---|---|
| 001 | 128011 | ||
| 003 | ES-MaACL | ||
| 005 | 20230906193135.0 | ||
| 007 | t| | ||
| 008 | 070214s1971 sp r ||||1| spa d | ||
| 100 | 1 |
_aRíos Ruiz, Manuel. _997393 |
|
| 245 | 1 | 3 |
_aEl laurel y los días / _cManuel Ríos Ruiz. |
| 250 | _a1ª. ed. | ||
| 260 |
_aBarcelona : _bPicazo, _c1971. |
||
| 300 |
_a114 p. ; _c21 cm. |
||
| 852 |
_aES-MaACL _jC-40123 _bR.79445 |
||
| 999 |
_c128011 _d128011 |
||